[Event "72nd Oregon Open"]
[Site "Portland, OR"]
[Date "2022.09.04"]
[Round "4"]
[White "Richardson, Ryan"]
[Black "Zavortink, Matt"]
[Result "0-1"]
[WhiteElo "2030"]
[BlackElo "2299"]
[Annotator "Matt Zavortink"]
[PlyCount "67"]
[EventDate "2022.09.03"]
[EventType "swiss"]
[EventRounds "6"]
[EventCountry "USA"]

{Another Accelerated Dragon. I was happy to be able to play the 'trendy' 8...
Re8 move (and to be able to remember the lines I had looked at before the
tournament).} 1. e4 c5 2. Nf3 g6 3. Nc3 Bg7 4. d4 cxd4 5. Nxd4 Nc6 6. Be3 Nf6
7. Bc4 O-O {Now black is threatening the "fork trick" with ...Nxe4 followed by
d5, eliminating white's center pawn, so white must reply:} 8. Bb3 Re8 $5 {
The trendiest move at high levels, essentially just waiting to see what white
is going to do.} (8... d6 {An argument can be made for this move, seemingly
allowing white to transpose to a normal Yugoslav Attack against the Dragon,
but with the subtlety that black didn't have to spend a tempo on ...Rc8 to
provoke Bb3.}) (8... a5 {When I played the Accelerated Dragon as a kid this
move was all the rage, but the advance of chess engines has not been kind to
this variation:} 9. O-O a4 10. Nxa4 Nxe4 11. Nb5 $14 {and current theory
suggests that black's two center pawns do not compensate for the severely
weakened b6 square}) (8... d5 $5 {is a modern idea, played by Gelfand among
others} 9. exd5 Na5 10. Qf3) 9. f3 (9. O-O {If white gives up on the Yugoslav
Attack setup then black has an essentially solid position even having 'wasted'
a move on ...Re8.} d6 {Black is threatening ...Ng4 and ...Na5 so white will
lose the bishop pair.}) 9... d5 $1 (9... e6 {is also possible, preparing ...d5
more slowly.}) 10. exd5 Nb4 {Now compared to the move 8...d5 shown above,
white cannot defend the d5 pawn with Qf3} 11. Nde2 e6 12. d6 (12. dxe6 $2 {
White is already worse after this natural capture:} Bxe6 {White has trouble
defending the e3 bishop but also the c2 pawn, as black is threatening to
remove both defenders by trading the light squared bishops and the queens.})
12... Nbd5 13. Bg5 {I was now out of my preparation; I didn't think I'd looked
at Bg5 before so I assumed I had at least an equal position.} (13. Nxd5 exd5
14. Bd4 Qxd6 $11 {Black has an isolated queen pawn that is firmly blockaded
but white's f3 pawn creates a lot of comparable weaknesses.}) 13... Qxd6 14.
Qd2 {I felt I should move my queen to get out of the pin on the d-file and
considered b6, c5, c7, and even f8 (the computer's choice)!} (14. Bxf6 {
I thought this might be white's idea:} Bxf6 15. Ne4 Qe7 16. Nxf6+ Qxf6 {
I thought I'd have some advantage here though I didn't consider the immediate
equalizing move} (16... Nxf6 $1 $15) 17. Qd4) 14... Qc5 {Guarding c5,
preparing ...b5, and eyeing the potentially weak e3 square.} 15. O-O-O b5 16.
Bh6 (16. Nxd5 Nxd5 {White cannot win a pawn without hanging the e2 knight:} 17.
Bxd5 exd5 18. Qxd5 Qxd5 19. Rxd5 Rxe2 (19... h6 {During the game I missed this
much simpler move after which black can safely take either e2 or g5}) 20. Rd8+
Bf8 21. Bh6 {It looks like I'm mated but I have} Bb7 22. Rhd1 Re8 $1 {and
black is a clean piece up.}) (16. h4 $1 $13 {with the idea of capturing on d5,
when ...Nxd5 will allow white to continue attacking with h5. The computer
gives 0.00.}) 16... Bh8 {Perhaps I was a bit lazy but I played this move
largely for psychological reasons. My opponent spent 20 minutes deciding on
Bh6, and I thought one of two things would happen. He'd either now enter the
equal-ish endgame resulting from a bunch of captures on d5, in which I thought
I can probably play forever with the bishop pair, or he really wasn't sure
what to do in which case he'd have to spend another 20 minutes!} (16... Nxc3 $5
{Stopping white from capturing on d5 once and for all}) 17. Rhe1 $6 {This move
sort of admits that white has nothing on the kingside and commits to passive
defense against black's incoming queenside pawnstorm.} (17. Nxd5 Nxd5 18. Bxd5
{Now this works out better for white as the inclusion of Bh6 and ...Bh8 means
I am unable to capture the hanging knight on e2:} exd5 19. Qxd5 Qxd5 20. Rxd5
Be6 $1 21. Rd2 Bxa2 {and here I saw white was unable to trap my bishop:} 22. b3
a5 {though I definitely should have spent more time considering} (22... Rac8 $1
$17 {This strong move would probably become more obvious if the position were
to actually arise on the board.}) 23. Nd4 $1 {which keeps white in the game
and may lead to the position fizzling out, for example with the computer line:}
a4 24. Kb2 axb3 25. cxb3 Red8 26. Be3 b4 27. Ra1 Bxb3 28. Rxa8 Rxa8 29. Kxb3
Ra3+ 30. Kxb4 Rxe3 $11) 17... Bb7 18. Qg5 $6 {I don't think this does much.}
Rac8 19. Rd2 ({Stockfish keeps white in the game with resources like} 19. Nf4
$1 Nxc3 20. Qxc5 Rxc5 21. bxc3 Rxc3 22. Nxe6 $1 $11) 19... a5 $19 {And
suddenly black has a crushing position.} 20. Bxd5 exd5 21. Red1 b4 22. Nb1 (22.
Na4 Qb5 {Attacks both white knights.}) 22... a4 23. Nd4 a3 24. bxa3 bxa3 25.
Nb3 {Black is winning with any sort of slow move but I found an immediate way
to win material:} Ne4 {Threatening ...Bb2#} 26. c3 Bxc3 {Setting up a decisive
in-between move:} 27. Nxc5 Bxd2+ $1 {Without this move the entire sequence
starting with 25...Ne4 would not work} 28. Nxd2 Rxc5+ 29. Kb1 Nxg5 30. Bxg5 {
And black has won a clean exchange and pawn.} Kg7 31. Nb3 Rb5 32. Rd2 Re1+ 33.
Kc2 Rb4 34. Bh4 {Now in an amusing and absurd moment I overlooked the most
important feature of the position and reached for the b4 rook to play ...Rc4+,
planning Kd3 Re8 followed by ...Ba6! Before I could move my opponent resigned,
anticipating the obviously superior move ...Rxh4 capturing the free bishop. I
didn't realize the bishop was hanging until I checked this game with the
computer.} 0-1

[Event "72nd Oregon Open"]
[Site "Portland, OR"]
[Date "2022.09.05"]
[Round "5"]
[White "Zavortink, Matt"]
[Black "Toppen-Ryan, Harrison"]
[Result "1-0"]
[WhiteElo "2299"]
[BlackElo "1818"]
[Annotator "Matt Zavortink"]
[PlyCount "189"]
[EventDate "2022.09.03"]
[EventType "swiss"]
[EventRounds "6"]
[EventCountry "USA"]

{A long, epic game. Black played too routinely in the opening and quickly
found himself in a difficult position. I had an unusual amount of trouble
focusing and managing my own intrusive thoughts about winning the game, the
tournament, and the prize money, and after a few completely nonsensical moves
combined with poor time management black was back in the game. Thankfully my
opponent played very quickly in my time pressure and allowed me to create new
winning chances just when the position was starting to fizzle out.} 1. Nf3 d5
2. g3 Nf6 3. Bg2 Bf5 {In my opinion this move is very difficult to play as
black though it is probably objectively OK. If white plays unambitiously and
allows black to complete the full Reversed London setup (...e6, ...c6, ...h6, .
..Nbd7, and ...Be7 in some order) then the position will be equal, but
well-prepared white players can choose between a variety of quite critical
plans to disrupt black's setup and pose concrete problems.   Most strong
players who wish to develop their bishop in positions like this put it on g4
which theory suggests is a bit safer (but still not totally safe; see for
example the game Neponiatchi - Duda from the 2022 Candidates).} 4. c4 c6 5. Qb3
(5. cxd5 cxd5 6. Qb3 {For many years this was the way for white to play though
it has now been neutralized by the gambit:} Nc6 $1 7. Qxb7 Bd7 8. Qb3 e5 $44) (
5. O-O e6 6. cxd5 exd5 7. d3 Be7 8. Qb3 Qb6 9. Qc2 $1 {Another critical line;
white plans Nc3 and e4 followed by Be3, likely with a small edge.}) 5... Qb6 6.
d3 h6 $6 (6... e6 {Is more normal and common though it does allow white to win
the bishop pair, for example} 7. Be3 Qxb3 8. axb3 a6 9. Nh4 Bg4 10. h3 Bh5 11.
g4 $14) 7. Be3 dxc4 $6 8. Qxc4 {White has achieved a very pleasant position,
with two center pawns against black's one and the later possibility of a
minority attack on the queenside.} Qa6 9. Qxa6 (9. Nbd2 {May be stronger}) 9...
Nxa6 10. O-O {When I traded queens I felt that black's position was extremely
awkward here as ...e6 allows white to force further concessions. I expected a
move like ...Bh7 when white has a nice edge.} e6 $6 {Missing or perhaps
underestimating the idea.} 11. Nd4 {Threatening Nxc6 and to win the bishop
pair.} Nb4 12. a3 (12. Nxf5 exf5 13. Rc1 {followed by a quick minority attack
may be the simplest path for white.}) 12... Nbd5 13. Nxf5 exf5 14. Bd4 Be7 {
Here I felt like I had a crushing advantage but spent too long looking for
something immediately decisive. I was guessing that this position was close to
+2 but all of the variations I looked at left me with an edge I felt was too
small. So after wasting too much time I played the move I thought was the most
complicated but completely overlooked black's response.} 15. Bh3 $2 (15. e4 {
The obvious try, but black looks surprisingly OK after} fxe4 16. dxe4 Nc7 $1
$14 {Black plans ...Ne6 and ...Bc5 with a grip on the weakened d4 square.
Surely white still has some advantage with the bishop pair but this did not
feel like enough, and the computer agrees that white is only slightly better.})
(15. Bxd5 $1 cxd5 (15... Nxd5 16. Bxg7 $18) 16. Nc3 O-O 17. Bxf6 Bxf6 18. Nxd5
Bxb2 19. Ra2 Be5 20. Ne7+ Kh7 21. Nxf5 $18 {This is the +2 continuation I was
looking for. I actually saw this position during the game but didn't
comprehend how strong it is.}) 15... f4 $1 {Somehow I completely overlooked
this move and thought black had to go ...g6.} 16. Nc3 fxg3 17. hxg3 O-O 18. e4
Nc7 (18... Nxc3 {Seemed right to me, trading off the superfluous knight.} 19.
Bxc3 {Is what I was planning when I thought I must still have a small edge.} (
19. bxc3 {Looked wrong due to} c5 20. Be5 c4 {but Stockfish shows the
surprising} 21. Bxf6 $1 Bxf6 22. d4 $18 {when the mass of central pawns
provide white with a decisive advantage.})) 19. Be3 c5 {Now I realized I
needed to be moving faster and tried to just get my pieces in the game while
being ready to liquidate my backwards d-pawn.} 20. Rfd1 Rfd8 21. Rac1 Ne6 22.
Ne2 ({I spent some time considering} 22. Bxe6 $5 fxe6 23. Nb5 {threatening Nc7
and Bxc5,} {but didn't go for this due to} Rdc8 {when black keeps everything
together.} ({The computer solves black's problems more effeciently with} 23...
Rd7 $1 24. Bxc5 Bxc5 25. Rxc5 Nxe4 $11)) 22... b6 23. f4 Bf8 {A complex
position. White still has some advantage due to the bishop pair and potential
pawn breaks. Black is routing his bishop to g7 to eye the d4 outpost, but this
increases the strength of white's e5 idea as the bishop will be staring at a
wall of pawns.} 24. Kf2 g6 25. Rd2 (25. f5 $5 gxf5 26. Bxf5) 25... Bg7 26. Kf3
Ne8 {Now black is finally threatening to occupy the d4 outpost.} (26... Rac8 $2
27. d4 cxd4 28. Rxc8 Rxc8 29. Nxd4 Nxd4+ 30. Rxd4 Rc2 31. e5 {White's pieces
are extremely active and black must be careful, for example:} Nh7 32. Rd7 Rxb2
33. e6 $1 $18) 27. Bxe6 (27. e5 $1 {Was a bit stronger, maintaining the bishop
pair for the time being.}) 27... fxe6 28. e5 (28. b4 $5) 28... Rd7 {We were
basically playing blitz at this point though my opponent had a lot of time. I
panicked a bit and just tried to trade off my backwards pawn.} 29. d4 Rad8 30.
Rcd1 Bf8 (30... cxd4 {I was planning} 31. Nxd4 {when black's position is a bit
awkward; if he ever goes Kf7 then he will lose to the tactic Nc6 Rxd2 Nxd8+!})
31. dxc5 Rxd2 32. Rxd2 Rxd2 33. Bxd2 Bxc5 34. b4 {I really didn't have time to
assess this with any precision but I thought I might still be able to press
for a while. It turns out, somewhat luckily, that my pieces are extremely
well-placed to create immediate problems on the queenside and black is simply
lost.} Be7 $6 (34... Bf8 {Stays out of the way of a future Nc6.}) 35. Nd4 {
A great example of the well-known "weak c6 square" motif common in openings
like the Catalan, Hedgehog, and Reti.} Kf7 36. Nc6 a6 37. Be3 b5 38. Bb6 $1 {
Black is completely paralyzed and this position should be an easy win for
white. With my low time I still managed to make it unnecessarily interesting
though!} g5 39. Nb8 (39. Nxe7 Kxe7 40. fxg5 hxg5 41. Kg4 $18 {Is another way
though I'm scared to enter these positions where I have a potentially useless
bishop.}) 39... h5 40. Nxa6 Kg6 41. Nb8 h4 42. Nc6 Bf8 43. gxh4 gxh4 44. Kg4 $4
{Still winning but it deserves the double question marks for practicality.} (
44. Nd4 {Obviously better, keeping the black king from invading through f5.})
44... h3 $1 45. Kxh3 Kf5 46. Nd4+ Kxf4 47. Nxe6+ Kxe5 48. Nxf8 Kd5 {An
interesting position. Black has clear hopes of drawing based on capturing both
of white's pawns while retaining his knight. Unfortunately white's knight and
bishop are well-placed to create threats of their own.} 49. Kg3 Kc4 50. Ne6 Kb3
51. Nc7 Nd6 (51... Kxa3 52. Nxe8 Kxb4 53. Nd6 Ka4 54. Kf3 b4 55. Ke3 b3 56. Kd3
Ka3 57. Nc4+ $18 {and the pawn is stopped}) 52. Bc5 Nb7 53. Nxb5 Ka4 54. Nd6
Nd8 55. Kf3 {This move allows black to reach his desired K vs KBN endgame so
you may consider giving it a "!" for forcing a known winning ending, or a "?"
for the difficultly of executing said ending, depending on your perspective.
The point is that if black doesn't take on a3, white will walk the king over
to the queenside and win easily. If black does take, the b-pawn runs until
black's knight must sacrifice itself.} (55. b5 {Might be easier. I thought the
game continuation led by force to KNB vs K so I didn't consider anything else.}
) 55... Kxa3 56. b5+ Ka4 57. b6 Ka5 58. b7 Nxb7 (58... Nc6 59. Ba7 $1) 59.
Nxb7+ {Admittedly it was a bit stressful to do this on the 30 second increment.
} Kb5 60. Be3 Kc6 61. Nc5 Kd5 62. Kf4 Kc4 63. Ke4 Kb5 64. Kd5 Kb6 65. Ne6+ Kb5
66. Bc5 Ka5 {I felt good that I had quickly gotten black's king to the edge.
But it took me a couple moves to realize my knight is on the wrong circuit.}
67. Nd4 Ka6 68. Kc6 Ka5 69. Ne2 Ka6 70. Nc1 Ka5 71. Nd3 Ka6 (71... Ka4 72. Bb4
Kb3 73. Kb5 Kc2 74. Nf2 {and the knight and bishop are coordinating correctly
to restrict the king.}) 72. Bb4 Ka7 73. Bd6 Ka6 74. Nb4+ Ka7 75. Nd5 Ka6 76.
Nb6 Ka5 77. Be7 Ka6 78. Bb4 Ka7 79. Bd6 Ka6 {Finally reaching the standard
position. The tablebase says mate in 18 so despite my sloppy technique I'm
going to mate with 12 moves to spare before the 50 move rule kicks in.} 80. Bb8
Ka5 81. Nd5 Ka4 82. Kc5 Kb3 83. Nb4 Ka4 (83... Kc3 {This is the key position
to commit to memory as it looks like the black king is escaping, but white has}
84. Bf4 $1) 84. Kc4 Ka5 85. Bc7+ Ka4 86. Nd3 Ka3 87. Bb6 Ka4 88. Nb2+ Ka3 89.
Kc3 Ka2 90. Kc2 Ka1 91. Bc5 Ka2 92. Nd3 Ka1 93. Bb4 Ka2 94. Nc1+ Ka1 95. Bc3#
1-0

[Event "72nd Oregon Open"]
[Site "Portland, OR"]
[Date "2022.09.05"]
[Round "6"]
[White "Zavortink, Matt"]
[Black "Readey, John"]
[Result "1/2-1/2"]
[WhiteElo "2299"]
[BlackElo "2278"]
[Annotator "Matt Zavortink"]
[PlyCount "26"]
[EventDate "2022.09.03"]
[EventType "swiss"]
[EventRounds "6"]
[EventCountry "USA"]

{My 4th white game of the tournament!? Readey had a half point less than me so
I only needed a draw to win the tournament. He was in clear 2nd so perhaps he
is also happy to draw and guarantee 2nd place, rather than risk losing.} 1. d4
d5 2. Nf3 Nf6 3. Bf4 e6 4. e3 Bd6 {I had prepared a bit and was expecting a
system with an early ...Qb6. This move told me he had probably prepared
something unusual as well so I played an early deviation:} 5. Ne5 $5 {I'm
still not sure if this move is under-rated or just not that good. At least it
introduces a number of subtle nuances into the typical London plans for both
sides. Sometimes white may be able to benefit from not having 'wasted' a tempo
on Bg3, though there are downsides as well.} O-O 6. Nd2 b6 7. c3 c5 8. Bd3 $6 (
8. h4 $1 {Stockfish insists white is better after this crude move. I forgot
what was in my files and for some reason thought I was supposed to go Bd3
first and only then h4 depending on black's response.}) 8... Qc7 $1 {A good,
generally useful waiting move.} 9. O-O ({I could transpose to one of the
mainlines with} 9. Bg3 Nc6 (9... Ba6 $5 {is likely stronger now that white has
'wasted' a tempo on Bg3}) 10. f4 Bb7 11. O-O {when black will begin the
standard maneuver in such positions with} Ne7 $1 {planning ...Nf5, ...Be7, and
...Nd6 to lockdown the e4 square.}) 9... Bb7 10. Rc1 {Possibly suggesting c4
next depending on what black does. A complex position. The computer suggests
both sides make waiting moves like ...a5!} Nc6 11. Nxc6 Bxc6 {Now I don't want
to let black break with ...e5, so the only option is:} (11... Bxf4 {seemed
less good than the immediate capture on c6 as after} 12. exf4 Bxc6 13. Qf3 {
I get at least a couple further obvious moves to improve my position, like Re1.
}) 12. Bxd6 Qxd6 13. f4 {Superficially it looks like white may be better due
to the superior bishop, but how good can a "good" version of the Stonewall
really be? If Stockfish is to be believed, the answer is "not very good." From
a practical point of view I wasn't that excited to play this position, as
black has a number of easy, low-committment "creeping" moves to progress on
the queenside, like ...b5 and ...a5 and ...b4, possibly with the inclusion of .
..c4. Of course white has the potential to create a strong attack against
black's king, but white's ideas like Rf3-h3 and g4-g5 are all extremely
weakening and liable to backfire if the position somehow opens up.} (13. Nf3 $6
Nd7 {and I can't stop ...e5 though the computer still says it's equal after
something like} 14. Re1 e5 15. dxe5 Nxe5 16. Nxe5 Qxe5 17. Qc2) 13... Ne4 $6 {
Black offered a draw and I accepted to secure clear first in the tournament.} (
13... b5 $13) 1/2-1/2